00498nam a2200181Ia 4500008004100000020001500041082001300056100002200069245001400091250000800105260002500113300001400138500002400152650001200176942000700188952010400195999001700299230524s9999 xx 000 0 und d a8170294436 a6.4bSTE aAl.Stevens916388 0aTeaches C a1ST aNEW DELHIbBPBc1995 aXVIII;294 aQuantity Number: 1 aComp-Sc cBK 00104070aTATCLbTATCLcGENd2023-05-24l0o006.4 STEp4242r2023-05-24w2023-05-24yBKzBCSE3304 c24628d24628